| 000 | 00636cab a2200181 4500 | ||
|---|---|---|---|
| 001 | L130337 | ||
| 008 | 050715n2005 000 0 eng u | ||
| 035 | _a(Sirsi) u130337 | ||
| 041 | _aeng | ||
| 100 | _aO'Driscoll, Rod | ||
| 245 | _aWitness tips: part 3 | ||
| 260 | _c2005 | ||
| 490 |
_aSite Recorder _v123(1467) July 2005, 4(1) |
||
| 520 | _aConclusion of the three-part series on acting as an expert witness. Covers cross-examination. (See also L129908 and L129964). | ||
| 590 | _aIKA190705 | ||
| 690 | _aMANAGEMENT-DISPUTE AVOIDANCE, MANAGEMENT AND RESOLUTION-DISPUTE MANAGEMENT AND RESOLUTION-EXPERT WITNESSES | ||
| 942 | _n0 | ||
| 999 |
_c75563 _d75563 |
||